00723nam a22002291 450000100060000000300080000600500170001400800410003103500190007204000260009104100080011708200180012510000380014324501160018125000120029726000320030930000270034150400190036865000210038765100280040870000570043627488BD-RjUL20211209051148.0140325s1955 nyu 1 0 eng d a(BD-RjUL)27562 aBD-RjULbengcBD-RjUL aeng04a973bRAU 19551 aRae, John B.q(John Bell),d1911-14aThe United States in world history :bfrom its beginnings to world leadership /c by J.B.Rae and T.H.D.Mahoney. a2nd ed. aN.Y. :bMcGraw-Hill,c1955. a832p. :bill. ;c21cm. aIncludes Index 0aHistory, Modern. 0aUnited StatesxHistory.1 aMahoney, Thomas H. D.q(Thomas Henry Donald),d1913-